00565nam a2200121Ia 4500008004100000245026200041260003600303260000900339300000600348650002600354650001200380856005100392170516s9999 xx 000 0 und d aPreoperative Quantitative MR Tractography Compared with Visual Tract Evaluation in Patients with Neuropathologically Confirmed Gliomas Grades II and III: A Prospective Cohort Study, Anna F. Delgado, Markus Nilsson, Francesco Latini, Johanna Mårtensson, Ma bRadiology Research and Practice c2017 a: xRadiologic Technology xRadtech uhttps://www.hindawi.com/journals/rrp/contents/